000 00753nam a22002177a 4500
005 20170804164547.0
010 _aBAC-CH25
020 _a9780141345659
_c399.00
035 _aB-561858-884
035 _aB-664619
037 _adpl
_bUBH/Ven
082 _aS
100 _aGreen, John
245 _aThe fault in our stars/
_cby John Green
260 _aNew Delhi
_bPenguin Books
_c2013
270 _a11 Community Centre, Panchsheel Park
_bNew Delhi
_e110017
300 _a316p.
_c19cm(pbk)
942 _2ddc
_cCH
_mGRE
_hS
999 _c86552
_d86552